00617nam a2200145Ia 4500008004100000024006800041100009800109110001900207245003700226260002600263600002500289650003300314856010700347999001700454260210s9999 xx 000 0 und d a19B-037-SE, 19B-043-SE, 19B-069-SE, 19B-142-SE & 19B-123-SE aRizwan Shaikh, Areeba Shahbaz, Yumna Anwaar, Muhammad Osarim Zahid & Muhammad Anus Kamran aParkash Lohana 0aProperty price prediction system aKarachi:bUITU,c2019 aSoftware engineering aBachelor of Engineering (BE) uhttps://drive.google.com/file/d/1tFVaQAMrnnNWKzXB066LRyy9gqLAORfa/view?usp=sharingyClick here for PDF c33497d33497